Computer for Nurses (Record no. 159345)
[ view plain ]
| 000 -LEADER | |
|---|---|
| fixed length control field | 00382nam a2200145Ia 4500 |
| 008 - FIXED-LENGTH DATA ELEMENTS--GENERAL INFORMATION | |
| fixed length control field | 230519s9999 xx 000 0 und d |
| 020 ## - INTERNATIONAL STANDARD BOOK NUMBER | |
| International Standard Book Number | 978-81-7739-428-3 |
| 041 ## - LANGUAGE CODE | |
| Language code of text/sound track or separate title | eng |
| 082 ## - DEWEY DECIMAL CLASSIFICATION NUMBER | |
| Classification number | C/004/SOO/DB0640 |
| 100 ## - MAIN ENTRY--PERSONAL NAME | |
| Personal name | Sood Ranju |
| 9 (RLIN) | 180026 |
| 245 ## - TITLE STATEMENT | |
| Title | Computer for Nurses |
| 260 ## - PUBLICATION, DISTRIBUTION, ETC. (IMPRINT) | |
| Name of publisher, distributor, etc. | Avichal Publishiing Company |
| Place of publication, distribution, etc. | New Delhi |
| Date of publication, distribution, etc. | 2017 |
| 300 ## - PHYSICAL DESCRIPTION | |
| Extent | 152p |
| Withdrawn status | Lost status | Damaged status | Not for loan | Collection code | Home library | Current library | Date acquired | Cost, normal purchase price | Bill number | Total Checkouts | Full call number | Barcode | Date last seen | Bill Date | Koha item type | Original Barcode |
|---|---|---|---|---|---|---|---|---|---|---|---|---|---|---|---|---|
| Smt. Bakul Tambat Institute of Nursing Education | Smt. Bakul Tambat Institute of Nursing Education | 30/10/2017 | 195.00 | 896 | C 004 SOO DB0640 | BTIN-DB-640 | 19/05/2023 | 13/10/2017 | Donated Book | DB0640 | ||||||
| Smt. Bakul Tambat Institute of Nursing Education | Smt. Bakul Tambat Institute of Nursing Education | 29/08/2018 | 225.00 | 896 | C 004 SOO DB0741 | BTIN-DB-741 | 19/05/2023 | 13/10/2017 | Donated Book | DB0741 | ||||||
| Smt. Bakul Tambat Institute of Nursing Education | Smt. Bakul Tambat Institute of Nursing Education | 15/06/2019 | 225.00 | 896 | C 004 SOO DB0784 | BTIN-DB-784 | 19/05/2023 | 13/10/2017 | Donated Book | DB0784 |